Sciences cognitives textes fondateurs (1943 - 1950) (Record no. 1977)

MARC details
000 -LEADER
fixed length control field 00714nam a2200241 4500
008 - FIXED-LENGTH DATA ELEMENTS--GENERAL INFORMATION
fixed length control field s1995 fr fre u
020 ## - INTERNATIONAL STANDARD BOOK NUMBER
International Standard Book Number 2130466958
020 ## - INTERNATIONAL STANDARD BOOK NUMBER
International Standard Book Number 9782130466956
040 ## - CATALOGING SOURCE
Original cataloging agency LB-BrCRDP
082 1# - DEWEY DECIMAL CLASSIFICATION NUMBER
Classification number 153.4
Item number SCI
100 1# - MAIN ENTRY--PERSONAL NAME
Personal name Pélissier, Aline
245 10 - TITLE STATEMENT
Title Sciences cognitives textes fondateurs (1943 - 1950)
Statement of responsibility, etc. Aline Pélissier
260 ## - PUBLICATION, DISTRIBUTION, ETC.
Place of publication, distribution, etc. Paris
Name of publisher, distributor, etc. Puf
Date of publication, distribution, etc. 1995
300 ## - PHYSICAL DESCRIPTION
Extent 313 p.
Dimensions 22 cm
490 0# - SERIES STATEMENT
Series statement Psychologie et sciences de la pensée
500 ## - GENERAL NOTE
General note Sommaire, index.
650 4# - SUBJECT ADDED ENTRY--TOPICAL TERM
Topical term or geographic name entry element Intelligence artificielle
650 4# - SUBJECT ADDED ENTRY--TOPICAL TERM
Topical term or geographic name entry element Psychologie cognitive
650 4# - SUBJECT ADDED ENTRY--TOPICAL TERM
Topical term or geographic name entry element Sciences cognitives
650 4# - SUBJECT ADDED ENTRY--TOPICAL TERM
Topical term or geographic name entry element Psychanalyse
942 ## - ADDED ENTRY ELEMENTS (KOHA)
Koha item type Books
Holdings
Withdrawn status Lost status Source of classification or shelving scheme Damaged status Not for loan Home library Current library Shelving location Date acquired Source of acquisition Cost, normal purchase price Total Checkouts Full call number Barcode Date last seen Copy number Price effective from Koha item type
    Dewey Decimal Classification     مكتبة دار المعلمين و المعلمات - جونية مكتبة دار المعلمين و المعلمات - جونية Salle de Lecture 12/08/2005 Ambassade de France 192.00   370.15 PEL. CRJ247 07/27/2016 1 07/27/2016 Books
    Dewey Decimal Classification     مكتبة دار المعلمين و المعلمات - زحلة مكتبة دار المعلمين و المعلمات - زحلة Salle de Lecture 04/17/2007 Amb. de France 0.00   153.4 SCI CRZ2018 07/27/2016 1 07/27/2016 Books